000
00285nam a22001217a 4500
041
_a
ENG
100
_a
Krishnamurthy,J
245
_a
Remote Sensing In India
260
_a
Bangalore
_b
National Natural Resources
_c
1997
300
_a
124
650
_a
SWCE ( 06 )
856
_u
SWCE ( 06 )
999
_c
2930
_d
2930